The Victoria history of Berkshire / (Record no. 29138)
[ view plain ]
| 000 -LEADER | |
|---|---|
| fixed length control field | 01055nam a22003011 4500 |
| 001 - CONTROL NUMBER | |
| control field | 29138 |
| 003 - CONTROL NUMBER IDENTIFIER | |
| rucl marc code | BD-RjUL |
| 005 - DATE AND TIME OF LATEST TRANSACTION | |
| control field | 20211209051358.0 |
| 008 - FIXED-LENGTH DATA ELEMENTS--GENERAL INFORMATION | |
| fixed length control field | 140402s1906 enkabf 000 0 eng |
| 035 ## - SYSTEM CONTROL NUMBER | |
| System control number | (BD-RjUL)29223 |
| System control number | (OCoLC)2890028 |
| 040 ## - CATALOGING SOURCE | |
| Original cataloging agency | DLC |
| Transcribing agency | TNJ |
| Modifying agency | DLC |
| -- | BD-RjUL |
| Language of cataloging | eng |
| 041 ## - LANGUAGE CODE | |
| Language code of text/sound track or separate title | eng |
| 082 ## - DEWEY DECIMAL CLASSIFICATION NUMBER | |
| Classification number | 942.2 |
| Author mark and year | VIC V-1 1906 |
| 245 04 - TITLE STATEMENT | |
| Title | The Victoria history of Berkshire / |
| Statement of responsibility, etc. | ed. by P.H. Ditchfield ...and William Page. |
| Number of part/section of a work | VOLUME ONE |
| 260 ## - PUBLICATION, DISTRIBUTION, ETC. (IMPRINT) | |
| Place of publication, distribution, etc. | London : |
| Name of publisher, distributor, etc. | A. Constable and company, limited , |
| Date of publication, distribution, etc. | 1906. |
| 300 ## - PHYSICAL DESCRIPTION | |
| Pagination | xxv, 422 p. : |
| Illustrations | ill. ; |
| Size | 32 cm. |
| 490 0# - SERIES STATEMENT | |
| Series statement | The Victoria history of the counties of England |
| 650 #0 - SUBJECT ADDED ENTRY--TOPICAL TERM | |
| Topical term or geographic name as entry element | Natural history |
| Geographic subdivision | England |
| -- | Berkshire. |
| 9 (RLIN) | 88959 |
| 651 #0 - SUBJECT ADDED ENTRY--GEOGRAPHIC NAME | |
| Geographic name | Berkshire (England) |
| General subdivision | History. |
| 9 (RLIN) | 88960 |
| Geographic name | Berkshire (England) |
| General subdivision | Antiquities. |
| 9 (RLIN) | 88961 |
| 700 1# - ADDED ENTRY--PERSONAL NAME | |
| Personal name | Ditchfield, P. H. |
| Fuller form of name | (Peter Hampson), |
| Dates associated with a name | 1854-1930, |
| Relator term | ed. |
| Personal name | Page, William, |
| Dates associated with a name | 1861-1934, |
| Relator term | ed. |
| Personal name | Cope, John Hautenville, |
| Relator term | ed. |
| 942 ## - ADDED ENTRY ELEMENTS (KOHA) | |
| Source of classification or shelving scheme | Dewey Decimal Classification |
| Koha item type | Books |
| Lost status | Source of classification or shelving scheme | Damaged status | Not for loan | Collection code | Permanent Location | Current Location | Shelving location | Date acquired | Source of acquisition | Cost, normal purchase price | Total Checkouts | Full call number | Date last seen | Copy number | Koha item type |
|---|---|---|---|---|---|---|---|---|---|---|---|---|---|---|---|
| Dewey Decimal Classification | Added to bundle | Non-fiction | Central Library, University of Rajshahi | Central Library, University of Rajshahi | Reading Room | 27/06/1955 | O. U. P | 47.40 | 942.2 VIC V-1 1906 | 02/04/2014 | C-1 | Books |